00435nam a22001337a 4500008004100000040005500041080001400096245008200110260004200192300001000234365001500244490002900259650001300288230509b |||||||| |||| 00| 0 eng d aNational Science LibrarycNational Science Library aR 058bP1 aManorama yearbook 2001: bHit the jackpot! a quiz of 1000 questions & answers aKottayam: bMalayala Manorama, c2001 a824p. b90.00cINR a36th year of publication aYearbook